Jeřáby, výtahy a dopravní zařízení ... učeb. text

Bibliographic Details
Main Author: Babuška, Václav (Author)
Format: Book
Language:Czech
PhysicalDescription:38, [2] s. 4°
Published: Praha Ústav pro učebné pomůcky prťum. a odb. škol 1946

MARC

LEADER 00000nam a2200000 a 4500
001 vtls001159350
003 SK-MaSNL
005 20260301154046.0
008 250414s1946 CS 0 cze
035 |a SNK000102256 
040 |a SNK  |b slo  |c SNK  |e AACR2 
041 0 |a cze 
044 |a [CS] 
080 |a 621.873+621.876+621.86(075.3)  |2 1981 
100 1 |a Babuška, Václav  |4 aut  |9 385207 
245 1 0 |a Jeřáby, výtahy a dopravní zařízení  |b ... učeb. text  |c Václav Babuška 
260 |a Praha  |b Ústav pro učebné pomůcky prťum. a odb. škol  |c 1946 
300 |a 38, [2] s.  |c 4° 
500 |a Rozmn. 
852 |a Slovenská národná knižnica 
954 |a žeriavy 
954 |a výťahy 
954 |a zariadenia dopravné 
999 |c 795472  |d 797402 
952 |t P60, <04>, [BOOK], {604}  |a SNK  |b SNK  |y VYP  |7 0  |p 17A0309623  |o snkIB 25652  |0 0  |1 0  |4 0  |d 2001-08-01  |l 0  |r 2005-01-01 00:00:00  |w 2026-02-24